Normal view
MARC view
Entry Nombre personal
001 - NÚMERO DE CONTROL
- campo de control: 76489
003 - IDENTIFICADOR DEL NÚMERO DE CONTROL
- campo de control: BNPHU
005 - FECHA Y HORA DE LA ÚLTIMA TRANSACCIÓN
- campo de control: 20240305140625.0
008 - DATOS DE LONGITUD FIJA
- campo de control de longitud fija: 200615|| aca||aabn | a|a d
040 ## - FUENTE DE LA CATALOGACIÓN
- Centro catalogador/agencia de origen: DO-SdBNP
- Lengua de catalogación: spa
- Centro/agencia transcriptor: BNPHU
- Normas de descripción: rda
100 1# - ENCABEZAMIENTO-NOMBRE DE PERSONA
- Nombre de persona: Gil Arantegui, Malaquías,
- Fechas asociadas al nombre: 1912-1988
370 ## - LUGAR ASOCIADO
- Lugar de nacimiento: Zaragoza, España
374 ## - OCUPACIÓN
- Ocupación: Profesor
375 ## - GÉNERO/SEXO
- Género/Sexo: Masculino
377 ## - LENGUA/LENGUAJE ASOCIADO
- Código del idioma: spa
400 1# - TRAZADO DE VÉASE--NOMBRE DE PERSONA
- Nombre de persona: Arantegui, Malaquías Gil,
- Fechas asociadas al nombre: 1912-1988
670 ## - FUENTE DE DATOS ENCONTRADOS
- Cita de la fuente: Work cat.: (OSt)48628: Gil Arantegui, Malaquías, 1912-1988, Los escritos del profesor Malaquías Gil Arantegui /, 1991.
